| 000 | 00380cam a22001097a 4500 | ||
|---|---|---|---|
| 008 | 180718b1962 xxu||||| |||| 00| 0 eng d | ||
| 082 | _aH52x5442 M278 | ||
| 245 |
_aCriminal manual 1961 _cIssued by the High Court of Judicature, Appellate side, Bombay |
||
| 260 |
_aBombay _bGovernment central press _c1962 |
||
| 300 | _a62+p | ||
| 700 | _aBombay. High Court of Judicature Appellate Side | ||
| 999 |
_c491230 _d491230 |
||